=LDR 00000nam 2200000 4500 =001 INLIS000000000028744 =005 20130612131028 =008 ***********************************Ind** =035 ##$$0010-061300000028744 =041 ##$$a Ind =082 ##$$a 613 =090 ##$$a 613, Sor s =100 ##$$a Soraya, Noni =245 ##$$a Sehat dan cantik berkat teh hijau, Noni Soraya =260 ##$$a 2007 $b Jakarta =300 ##$$a 107 hlm, ilus, 21cm =650 ##$$a Kesehatan =850 ##$$a NBPNMAT